| 000 | 00479cam a2200193ua 4500 | ||
|---|---|---|---|
| 020 | _c40.00 | ||
| 041 |
_aeng _h |
||
| 082 |
_a621.815 _bLAK/TE |
||
| 100 | _aLakshminarayanan, V . | ||
| 245 |
_aText book of machine drawing / _cV Lakshminarayanan. _hTextual Documents |
||
| 250 |
_a7 / _b. |
||
| 260 |
_aNew Delhi : _bJain Brothers , _c1989. |
||
| 300 | _a434 ; . | ||
| 365 | _a40.00 | ||
| 504 | _a | ||
| 700 | 1 | _aMathur, M L. | |
| 942 | _cBK | ||
| 999 |
_c9214 _d9214 |
||